Statistics for The World: Ultimate Quiz

Click here to take the quiz!

General Stats

  • This quiz has been taken 30 times
  • The average score is 53 of 99

Answer Stats

Hint Answer % Correct
Famous tower in ParisEiffel Tower
96%
Biggest countryRussia
96%
Most populated countryChina
92%
First Black US presidentBarack Obama
92%
Smallest countryVatican City
88%
Regae IslandJamaica
88%
US president who was also a famous actorRonald Reagan
81%
50th US stateHawaii
81%
Biggest country in South AmericaBrazil
81%
Smallest country with sea access, famous for gamblingMonaco
81%
Biggest island in AfricaMadagascar
81%
Country surrounded entirely by South AfricaLesotho
81%
Capital of AustraliaCanberra
81%
Where the original Olympics where heldAthens
81%
French speaking region of CanadaQuebec
81%
Richest countryUnited States of America
77%
US state colonized by RussiaAlaska
77%
Man who is credited for discovering AmericaChristopher Columbus
77%
German Jew who hid in Amsterdam during WW2Anne Frank
77%
Capital of CataloniaBarcelona
77%
Island disputed between the Greek and Turkish sidesCyprus
73%
Country that used to be entirely controlled by TalibanAfghanistan
73%
Chilean island famous for it's large head sculpturesEaster Island
73%
Capital of CaliforniaSacramento
73%
Lead the revolution in RussiaVladimir Lenin
73%
Tear of IndiaSri Lanka
69%
World's biggest cityTokyo
69%
Most famous painting in the LouvreMona Lisa
69%
Japanese city nuked in WW2Hiroshima
69%
Founder of communismKarl Marx
69%
Biggest mountain in the worldMt. Everest
69%
Other Japanese city nuked in WW2Nagasaki
65%
It's capital is TashkentUzbekistan
65%
Country of the aboveNepal
65%
Swampy region of FloridaEverglades
65%
Island shared among Brunei, Indonesia and MalaysiaBorneo
65%
Famous film taking place in Morocco, made in 1942Casablanca
65%
Where the Grand Canyon isArizona
62%
Southern peninsula in MexicoYucatan
62%
City where the Taj Mahal isAgra
62%
Lake that borders: Kenya, Tanzania and UgandaLake Victoria
62%
World's newest countrySouth Sudan
62%
Largest island in ItalySicily
58%
City where Franz Ferdinand was assasinatedSarajevo
58%
Oceanian country, famous for kiwisNew Zealand
54%
Most southern capital of South AfricaCape Town
54%
Leader of TibetDalai Lama
54%
Former name of the DRCZaire
54%
Used to be a country with HungaryAustria
54%
US state that's also a countryGeorgia
54%
Country where Timbuktu isMali
54%
Ukrainian peninsula invaded by RussiaCrimea
54%
First capital of the USPhiladelphia
54%
Disputed region between China, India and PakistanJammu and Kashmir
54%
New England state that used to be a countryVermont
54%
Celtic region of FranceBrittany
54%
Biggest island in FranceCorsica
50%
Name for Belgium, Luxembourg and the NetherlandsBenelux
50%
Longest river in South AmericaAmazon River
50%
Famous Colombian drug lordPablo Escobar
50%
Country that Chile stole their entire coast fromBolivia
50%
What country colonized most South American countries?Spain
46%
Largest island in CanadaBaffin Island
46%
Country where the Siem Reap isCambodia
46%
Country that eats the most chocolate per-capitaSwitzerland
46%
City of the aboveDubai
46%
Biggest city in AfricaLagos
42%
Main export of the Middle EastOil
42%
Modern name of ConstantinopleIstanbul
42%
Larges island in GreeceCrete
42%
Biggest island in JapanHonshu
42%
World's gambling capitalMacau
42%
Oceanian country with a monarchTonga
42%
Former leader of Libya, was assasinated in 2011Muammar Al Gathafi
38%
Former capital of YugoslaviaBelgrade
38%
Region of Romania, famous for vampiresTransylvania
38%
Where Yellowstone Park isWyoming
38%
In what country is the above today?Serbia
38%
Famous group of islands in EcuadorGalapagos Islands
38%
Country with the most pyramidsSudan
35%
Used to be an Empire ranging from Korea to HungaryMongolia
35%
US state where Walmart originatesArkansas
31%
Country that commited genocide against ArmeniansTurkey
31%
Country where Jurassic Park takes place inCosta Rica
31%
Group of tropical islands in JapanOkinawa
31%
Island where Copenhagen is locatedZealand
31%
Hosted the Winter Olympics in 2018Pyeongchang
27%
Where most German steriotypes are fromBavaria
27%
World's tallest buildingBurj Khalifa
27%
Largest island in the Korean peninsulaJeju
19%
Former French colony in Africa, also a common nameChad
19%
Largest city in Bangladesh with sea accessChittagong
15%
Small country, famous for having military bases from around the worldDjibouti
12%
Country that hosts Africa's biggest film festivalBurkina Faso
8%
The city that hosted the aboveOuagadougou
8%
Country where Keanu Reeves is fromLebanon
8%
Name of the Northern part of MaliAzawad
4%
North Korean GodzillaPulgasari
4%
Man who actually discovered AmericaPonce de Leon
4%

Score Distribution

Percentile by Number Answered

Percent of People with Each Score

Your Score History

You have not taken this quiz